| 000 | 01062 a2200217 4500 | ||
|---|---|---|---|
| 003 | Nust | ||
| 005 | 20221101093441.0 | ||
| 010 | _a 78012014 | ||
| 020 | _a0673151859 | ||
| 040 | _cNust | ||
| 082 | 0 | 0 | _a510,LIA |
| 100 | 1 |
_aLial, Margaret L. _9102087 |
|
| 245 | 1 | 0 |
_aMathematics, with applications in the management, natural, and social sciences / _cMargaret L. Lial & Charles D. Miller. |
| 250 | _a2nd ed. | ||
| 260 |
_aGlenview, Ill. : _bScott, Foresman, _cc1979. |
||
| 300 |
_a658 p. : _bill. ; _c24 cm. |
||
| 505 | _aReview of Algebra (Page-1), Sets and Functions (Page-44) ,Linear and Polynomial Models (Page-85), Mathematics of Finance (Page-146), Matrix Theory (Page-180), Linear Systems (Page-213), Linear Programming (Page-246), Probability (Page-291), Decisions Theory (Page-348), Statistics (Page-383), Exponential and Logarithmic Functions (Page-436), Differential Calculus (Page-469), More Application of the Derivative (Page-510). | ||
| 650 | 0 | _aMathematics. | |
| 700 | 1 |
_aMiller, Charles David, _d1942- _9102088 |
|
| 942 |
_2ddc _cBK _k510,LIA |
||
| 999 |
_c180057 _d180057 |
||